| 000 | 00713nam a2200229 i 4500 | ||
|---|---|---|---|
| 001 | bg | ||
| 100 | 1 | _aSEKUŁA, Zofia | |
| 245 | 1 | 0 |
_aUwarunkowania i instrumenty polityki płac w firmie / _cZofia Sekuła. |
| 260 |
_aWrocław : _bOficyna Wydawnicza Politechniki Wrocławskiej, _c2003. |
||
| 300 |
_a316 s., [1] k. tabl. złoż. : _btab., wykr. ; _c24 cm. |
||
| 504 | _aBibliogr. s. 311-316. | ||
| 650 | 9 |
_aPrzedsiębiorstwo _xpłaca _xpolityka |
|
| 650 | 9 |
_aPłaca _xpolityka |
|
| 655 | _aPodręczniki akademickie | ||
| 020 | _a8370857361 | ||
| 040 | _cBPK | ||
| 041 | 0 | _apol | |
| 080 | _a331.2:658.14/.17](075.8) | ||
| 920 | _a83-7085-736-1 | ||
| 942 | _cKS | ||
| 008 | s pl f |000 0 pol | ||
| 999 |
_c44217 _d44217 |
||
| 856 |
_uhttp://koha.tu.koszalin.pl/cgi-bin/koha/opac-detail.pl?biblionumber=44217 _yKatalog online BPK |
||